000 00354nam a22001577a 4500
003 MACL
005 20151128134632.0
008 151128b xxu||||| |||| 00| 0 eng d
040 _cMACL
041 _aEnglish
082 _a920/PAN
100 _aDr.Pandey,Mamta
_918079
245 _aGreat Indian Novelists
650 _aNovel
_9153
942 _2ddc
_cBK
999 _c51273
_d51273